Controlo disciplinar na escola (Registo nº 4244)
[ vista simples ]
| 000 -Etiqueta do registo | |
|---|---|
| Cabeçalho | 00728cam a2200277 4500 |
| 005 - Identificador da versão | |
| Campo de controlo | 20240813122056.0 |
| 010 ## - Número internacional normalizado dos livros (ISBN) | |
| Número (ISBN) | 9724719235 |
| 021 ## - Número do Depósito Legal | |
| Código do país | PT |
| Número | 163284/01 |
| 100 ## - Dados gerais de processamento | |
| Dados gerais de processamento | 20011011d2001 m y0pory5003 ba |
| 102 ## - Pais de publicação ou produção | |
| País de publicação | Portugal |
| 101 0# - Língua de publicação | |
| Língua do texto, banda sonora, etc. | Português |
| 106 ## - Campo de dados codificados: material textual | |
| Dados codificados do material textual | r |
| 105 ## - Campo de dados codificados: livros | |
| Dados codificados dos livros | y z 001yy |
| 215 ## - Descrição física | |
| Indicação específica da natureza do documento e extensão da espécie | 112 p. |
| Dimensões | 24 cm |
| 200 1# - Titulo e menção de responsabilidade | |
| Título próprio | Controlo disciplinar na escola |
| Informação de outro título | processos e práticas |
| Primeira menção de responsabilidade | Ivo Domingues |
| 225 1# - Colecção | |
| Título próprio da colecção | Educação hoje |
| Indicação de volume | 14 |
| 205 ## - Menção da edição | |
| Menção da edição | 2a ed |
| 210 ## - Publicação, Distribuição, etc. | |
| Lugar da edição, distribuição, etc. | Cacém |
| Nome do editor, distribuidor, etc. | Texto |
| Data da publicação, distribuição, etc. | imp. 2001 |
| 320 ## - Nota relativa a bibliografia e índices internos | |
| Texto da nota | Bibliografia, p. 110-112 |
| 606 ## - Nome comum usado como assunto | |
| Número de registo de entrada de autoridade | 0000926 |
| Palavra de ordem | Alunos |
| Subdivisão de assunto | Disciplina |
| Código do sistema | SIPOR |
| 675 ## - Classificação Decimal Universal (CDU) | |
| Notação | 371.5 |
| Edição | BN |
| Língua da edição | por |
| 700 #1 - Nome de autor-pessoa física (responsabilidade principal) | |
| Número de registo de entrada de autoridade | 0000928 |
| Palavra de ordem | Domingues |
| Outra parte do nome não tomada para palavra de ordem | Ivo |
| Datas | 1958- |
| 942 ## - Elementos de entrada adicionados (Koha) | |
| Tipo de item no Koha | Livro |
| Situação do levantamento | Origin of item (home branch) (coded) | Biblioteca de empréstimo | Código de barras | Cota | Circulation type (not for loan) | Tipo de documento | Nota do exemplar | Damaged status |
|---|---|---|---|---|---|---|---|---|
| Biblioteca Escolar das Vendas | Biblioteca Escolar das Vendas | BEV1499 | 3PED DOM | Livro | Sem mensagem |
